00323nam a22000977a 4500082001200000100001700012245010700029260004100136650001400177700003400191 a200 THE aawar Rasheed aTH-SOF-1776-A Novel Model Driven Integrated Security Framework Enabling Fixed Shape Object Recognition aISLAMABADbNUST COLLEGE OF EMEc2020 aMS-CSE-18 aSupervisor Dr. Muhammad Abbas